Ligue 1 Winners - Statistics

General Stats
  • This quiz has been taken 2,865 times
    2,115 since last reset
  • The average score is 61 of 84
Answer Stats
Year Team % Correct
2018 Paris Saint Germain
100%
2019 Paris Saint Germain
100%
2020 Paris Saint Germain
100%
2002 Lyon
94%
2003 Lyon
94%
2004 Lyon
94%
2005 Lyon
94%
2006 Lyon
94%
2007 Lyon
94%
2008 Lyon
94%
1937 Marseille
94%
1948 Marseille
94%
1971 Marseille
94%
1972 Marseille
94%
1989 Marseille
94%
1990 Marseille
94%
1991 Marseille
94%
1992 Marseille
94%
1993 Marseille
94%
2010 Marseille
94%
2014 Paris Saint Germain
92%
2015 Paris Saint Germain
92%
2016 Paris Saint Germain
92%
1986 Paris Saint German
92%
1994 Paris Saint German
92%
2013 Paris Saint German
92%
1946 Lille
91%
1954 Lille
91%
2011 Lille
91%
2021 Lille
91%
1961 Monaco
91%
1963 Monaco
91%
1978 Monaco
91%
1982 Monaco
91%
1988 Monaco
91%
1997 Monaco
91%
2000 Monaco
91%
2017 Monaco
91%
1933 Olympique Lillois
91%
1950 Bordeaux
76%
1984 Bordeaux
76%
1985 Bordeaux
76%
1987 Bordeaux
76%
1999 Bordeaux
76%
2009 Bordeaux
76%
1965 Nantes
76%
1966 Nantes
76%
1973 Nantes
76%
1977 Nantes
76%
1980 Nantes
76%
1983 Nantes
76%
1995 Nantes
76%
2001 Nantes
76%
2012 Montpellier
73%
1957 Saint-Etienne
69%
1964 Saint-Etienne
69%
1967 Saint-Etienne
69%
1968 Saint-Etienne
69%
1969 Saint-Etienne
69%
1970 Saint-Etienne
69%
1974 Saint-Etienne
69%
1975 Saint-Etienne
69%
1976 Saint-Etienne
69%
1981 Saint-Etienne
69%
1951 Nice
66%
1952 Nice
66%
1956 Nice
66%
1959 Nice
66%
1998 Lens
64%
1979 Strasbourg
53%
1996 Auxerre
48%
1935 Sochaux
32%
1938 Sochaux
32%
1934 Sete
19%
1939 Sete
19%
1949 Stade Reims
10%
1953 Stade Reims
10%
1955 Stade Reims
10%
1958 Stade Reims
10%
1960 Stade Reims
10%
1962 Stade Reims
10%
1947 Roubaix-Tourcoing
5%
1936 RCF Paris
3%
1940-45 World War II
2%
No matching quizzes found
Score Distribution
Percent of People with Each Score
Percentile by Number Answered
Your Score History
You have not taken this quiz since the last reset